| 000 | 01036nam0a22002651 4500 | ||
|---|---|---|---|
| 001 | rc\2673410 | ||
| 005 | 20250623152312.0 | ||
| 035 | _a(NLR Aleph) 006801933 | ||
| 090 |
_a6252836 _c6252836 |
||
| 100 | _a20110915d1932 |||y0rusy50 ca | ||
| 101 | 0 | _arus | |
| 102 | _aRU | ||
| 105 | _aa z ||||| | ||
| 200 | 1 |
_aВоенные разборные мосты _fС. В. Завацкий _gНауч.-иссл. сектор ЦС Осоавиахима |
|
| 210 |
_aМосква _cВоенгиз _d1932 _eЛенинград _gтип. им. Володарского |
||
| 215 |
_aОбл., 196 с. _cил. _d26х17 см. |
||
| 300 | _aЗагл. 2-го изд.: Военные разборные мосты для автогужевых дорог | ||
| 320 | _aБиблиогр.: "Литература..." (34 назв.) | ||
| 700 | 1 |
_aЗавацкий _bС.В. _f1884- _gСергей Владимирович |
|
| 801 | 0 |
_aRU _bNLR _gpsbo |
|
| 801 | 1 |
_aRU _bELAR _2rusmarc |
|
| 852 |
_aNLR _j32-5/754 |
||
| 942 | _cBOOK | ||
| 980 | _aNB | ||